[Event "Baden-ch U16"]
[Site "Bad Mergentheim"]
[Date "2003.01.04"]
[Round "4"]
[White "Schenk, Susanne"]
[Black "Geisser, Florian"]
[Result "1/2-1/2"]
[WhiteElo "1046"]
[BlackElo "1000"]
[PlyCount "93"]
[EventDate "2003.01.??"]
[EventType "swiss"]
[EventRounds "7"]
[EventCountry "GER"]
[SourceTitle "EXT 2005"]
[Source "ChessBase"]
[SourceDate "2004.11.15"]
[SourceVersion "1"]
[SourceVersionDate "2004.11.15"]
[SourceQuality "1"]

1. e4 e5 2. Nf3 Nc6 3. Bc4 h6 4. Nc3 Nf6 5. d3 Bc5 6. h3 0-0 7. 0-0 a6 8. a3 d6 9. b4 Bd4 10. Bd2 Bxc3 11. Bxc3 Re8 12. a4 d5 13. exd5 Nxd5 14. Bxd5 Qxd5 15. b5 Nd4 16. Bxd4 exd4 17. bxa6 Rxa6 18. Re1 Rae6 19. Rxe6 Rxe6 20. Qd2 Rg6 21. Kh2 Bxh3 22. Kxh3 Qh5+ 23. Nh4 Qg4+ 24. Kh2 Qxh4+ 25. Kg1 Qg5 26. Qxg5 Rxg5 27. Re1 Kf8 28. Ra1 Ra5 29. Rb1 b6 30. Rb4 Rd5 31. Kf1 g5 32. Ke2 g4 33. g3 Ke7 34. Kd2 h5 35. c3 dxc3+ 36. Kxc3 Kd6 37. Rf4 f5 38. Kc4 c6 39. Kc3 b5 40. axb5 cxb5 41. Kb4 Ke5 42. Kc3 Kf6 43. Kd2 Kg5 44. Rb4 h4 45. Kc2 h3 46. Rb1 h2 47. Rh1 1/2-1/2